| 000 | 01211njm a22003017a 4500 | ||
|---|---|---|---|
| 005 | 20100914114136.0 | ||
| 006 | a|||||r|||||00| 0 | ||
| 007 | sd ammalaaahaa | ||
| 008 | 100909t xxu||||| |||| 00| 0 eng d | ||
| 028 |
_a7 EPE 7024 _bEMI |
||
| 035 | _aGR-02273 | ||
| 040 |
_aSED _cSED |
||
| 100 |
_917690 _aKewaljit |
||
| 245 |
_aMera Sajana / _cby Kewaljit Productions ; sung by Lata Mangeshkar; Music by Laxmikant Pyarelal ; Lyric by Majrooh _h[Sound Recording] : |
||
| 246 | _a मेरा सजाना / | ||
| 260 |
_aDum Dum, India _bEMI _c1973 |
||
| 300 |
_a1 sound disc (Gramophone Recording) _banalog, 45 rpm _c7.5 in. (SP) _fGramophone Record |
||
| 500 | _aBrief Record | ||
| 500 | _aRecords Labels :EMI,RED | ||
| 505 | _aSide1 यह कौन हंसा (Yeh Kaun Hansa) (Lata Mangeshkar) Side 2 पानी की बूँद (Pani ki boond) (Lata Mangeshkar) . | ||
| 600 |
_aMangshekar, Lata _919802 |
||
| 650 |
_aFilm Songs _xExcerpts _zIndia _917691 |
||
| 700 |
_aMangshekar, Lata _919192 |
||
| 700 |
_a Laxmikant Pyarelal _919927 |
||
| 700 |
_aMajrooh _919928 |
||
| 942 |
_2ddc _cGR |
||
| 999 |
_c45626 _d45626 |
||